Learning to say no : establishing healthy boundaries /

Bibliographic Details
Main Author: Wills-Brandon, Carla, 1956-
Format: Book
Language:English
Published: Deerfield Beach, Fla. : Health Communications, Inc., [1990]
Subjects:

MARC

Tag First Indicator Second Indicator Subfields
LEADER 00000cam a2200000 a 4500
001 in00000983921
005 20150927114017.0
008 900117s1990 flua b 00010 eng
010 |a  90030972  
020 |a 1558740872:  |c $8.95 
035 |a (OCoLC)21043784 
035 |9 AEW7951AM 
040 |a DLC  |c DLC  |d VET  |d UtOrBLW 
049 |a TXAM 
050 0 0 |a HV697  |b .W56 1990 
082 0 0 |a 362.29/23  |2 20 
096 |a WM 55 W741 1990 
100 1 |a Wills-Brandon, Carla,  |d 1956- 
245 1 0 |a Learning to say no :  |b establishing healthy boundaries /  |c Carla Wills-Brandon. 
264 1 |a Deerfield Beach, Fla. :  |b Health Communications, Inc.,  |c [1990] 
264 4 |c ©1990 
300 |a viii, 204 pages :  |b illustrations ;  |c 22 cm. 
336 |a text  |b txt  |2 rdacontent 
337 |a unmediated  |b n  |2 rdamedia 
338 |a volume  |b nc  |2 rdacarrier 
504 |a Includes bibliographical references (pages 203-204). 
650 0 |a Dysfunctional families  |x Psychological aspects. 
650 0 |a Adult children of dysfunctional families  |x Psychology. 
650 2 |a Counseling. 
650 2 |a Family. 
650 0 |a Family counseling. 
999 |a MARS 
999 f f |s e379da64-4b64-3fc3-8024-82864544a33d  |i b3e2c79d-ad9d-3ea7-aa67-26d5257112f1  |t 0 
952 f f |p ric  |a Texas A&M University  |b Rellis Campus  |c Joint Library Facility  |d Remote Storage  |t 0  |e HV697 .W56 1990  |h Library of Congress classification  |i unmediated -- volume  |m A14813705624 
998 f f |a HV697 .W56 1990  |t 0  |l Remote Storage